Janithakamattathe bhayakkunnathenthinu ? (Record no. 61780)
[ view plain ]
| 000 -LEADER | |
|---|---|
| fixed length control field | 00296nam a2200121Ia 4500 |
| 100 ## - MAIN ENTRY--AUTHOR NAME | |
| Personal name | Biju Dharmapalan |
| 245 #0 - TITLE STATEMENT | |
| Title | Janithakamattathe bhayakkunnathenthinu ? |
| 260 ## - PUBLICATION, DISTRIBUTION, ETC. (IMPRINT) | |
| Name of publisher | Karshakan |
| Year of publication | 2011 |
| 300 ## - PHYSICAL DESCRIPTION | |
| Number of Pages | 68-70 |
| 650 ## - SUBJECT ADDED ENTRY--TOPICAL TERM | |
| Topical Term | GM crops |
| 942 ## - ADDED ENTRY ELEMENTS (KOHA) | |
| Koha item type | Journals |
| Withdrawn status | Lost status | Damaged status | Not for loan | Home library | Current library | Shelving location | Date acquired | Serial Enumeration / chronology | Koha item type |
|---|---|---|---|---|---|---|---|---|---|
| Journals | RRII Library | RRII Library | Biotechnology | 04/08/2011 | Volume 19, Issue 7 | Journals |